[Event "MrDodgy Invitational 2"]
[Site "chess24.com INT"]
[Date "2021.05.15"]
[Round "3.9"]
[Board "1"]
[White "Giri, Anish"]
[Black "Dubov, Daniil"]
[Result "1/2-1/2"]
[WhiteTitle "GM"]
[BlackTitle "GM"]
[WhiteElo "2780"]
[BlackElo "2710"]
[WhiteFideId "24116068"]
[BlackFideId "24126055"]
[EventDate "2021.05.12"]
[EventType "k.o."]

1. d4 Nf6 2. Nf3 g6 3. c4 Bg7 4. g3 O-O 5. Bg2 d6 6. O-O Nc6 7. Nc3 e5 8. dxe5
dxe5 9. Bg5 h6 10. Qxd8 Rxd8 11. Bxf6 Bxf6 12. Nd5 Kg7 13. Nxc7 Rb8 14. e4 Be7
15. Nd5 Bc5 16. Rfd1 Be6 17. b3 a5 18. Rd2 a4 19. bxa4 Ra8 20. Nc7 Rxd2 21. Nxd2
Rxa4 22. Nxe6+ fxe6 23. a3 Nd4 24. Kf1 Kf6 25. h4 Ke7 26. Bh3 Kd6 27. Bg4 Rxa3
28. Rxa3 Bxa3 29. Nf3 Nb3 30. Ke2 Na5 31. Kd3 Bc5 32. h5 gxh5 33. Bxh5 Bxf2 34.
g4 Bg3 35. g5 hxg5 36. Nxg5 Bf4 37. Nf3 Kc5 38. Bf7 Nxc4 39. Bxe6 Nd6 40. Ne1 b5
41. Nc2 Nb7 42. Kc3 Na5 43. Na1 Nc6 44. Nb3+ Kb6 45. Bd5 Ne7 46. Be6 Ng6 47. Kd3
Bg5 48. Bf5 Nf4+ 49. Kc2 Be7 50. Bg4 Ba3 51. Bf5 Ng2 52. Be6 Kc6 53. Bf7 Nf4 54.
Be8+ Kb6 55. Bd7 Nh5 56. Be8 Nf6 57. Bg6 Kc6 58. Kd3 Bb4 59. Bf5 Kb6 60. Bg6 Ng4
61. Bf5 Nf6 62. Bg6 Nd7 63. Bf5 Nb8 64. Be6 Nc6 65. Bd5 Be7 66. Bxc6 Kxc6 67.
Kc2 Bb4 68. Kd3 Kd6 69. Nc1 Ke6 70. Kc2 Kf6 71. Nd3 Bd6 72. Kc3 Ke6 73. Kb3 Kd7
74. Kc3 Kc6 75. Kb3 Kb6 76. Kc3 Ka5 77. Kb3 b4 78. Nb2 Kb5 79. Nd3 Ka5 80. Nb2
Ka6 81. Nc4 Be7 82. Nxe5 Kb5 83. Nd3 Bd6 84. Ne1 Be5 85. Nc2 Bd6 86. Nd4+ Kc5
87. Nf5 Be5 88. Kc2 Kc4 89. Ne3+ Kd4 90. Nd5 Kxe4 91. Nxb4 Bc3 92. Kxc3 1/2-1/2

[Event "MrDodgy Invitational 2"]
[Site "chess24.com INT"]
[Date "2021.05.15"]
[Round "3.10"]
[Board "1"]
[White "Dubov, Daniil"]
[Black "Giri, Anish"]
[Result "0-1"]
[WhiteTitle "GM"]
[BlackTitle "GM"]
[WhiteElo "2710"]
[BlackElo "2780"]
[WhiteFideId "24126055"]
[BlackFideId "24116068"]
[EventDate "2021.05.12"]
[EventType "k.o."]

1. e4 c5 2. Nf3 d6 3. d4 cxd4 4. Nxd4 Nf6 5. Nc3 a6 6. a4 e5 7. Nf3 Be7 8. g3
O-O 9. Bg2 Nc6 10. O-O Be6 11. Re1 Rc8 12. Ng5 Bg4 13. Bf3 Bd7 14. Bg2 Nd4 15.
Nf3 Bg4 16. Qd3 Nxf3+ 17. Bxf3 Be6 18. Be3 Qa5 19. Bd2 Qc5 20. a5 Bc4 21. Qe3
Qxe3 22. Bxe3 Be6 23. Rec1 Bd8 24. Bd2 h6 25. Na4 Rc4 26. b3 Rxe4 27. Bxe4 Nxe4
28. Bb4 Bc7 29. Rd1 Bg4 30. Rd3 Bf5 31. f3 Ng5 32. Rc3 Bb8 33. Rd1 Ba7+ 34. Nb6
e4 35. fxe4 Bxe4 36. Rxd6 Re8 37. Kf1 Bf5 38. Rc7 Bh3+ 39. Kf2 Ne4+ 40. Kf3 Nxd6
41. Bxd6 Bb8 42. Re7 Rxe7 43. Bxe7 Be6 44. Ke4 f5+ 45. Ke3 Kf7 46. Bc5 g5 47. c4
f4+ 48. Kf2 h5 49. b4 fxg3+ 50. hxg3 h4 51. gxh4 gxh4 52. b5 h3 53. Nd5 h2 54.
Kg2 Bg4 0-1

[Event "MrDodgy Invitational 2"]
[Site "chess24.com INT"]
[Date "2021.05.15"]
[Round "3.11"]
[Board "1"]
[White "Giri, Anish"]
[Black "Dubov, Daniil"]
[Result "0-1"]
[WhiteTitle "GM"]
[BlackTitle "GM"]
[WhiteElo "2780"]
[BlackElo "2710"]
[WhiteFideId "24116068"]
[BlackFideId "24126055"]
[EventDate "2021.05.12"]
[EventType "k.o."]

1. e4 c5 2. Nf3 Nc6 3. Bb5 e5 4. O-O Nge7 5. c3 g6 6. d4 exd4 7. cxd4 cxd4 8.
Nxd4 Bg7 9. Be3 O-O 10. Nc3 d5 11. exd5 Nb4 12. Bg5 h6 13. Bxe7 Qxe7 14. Re1 Qf6
15. Nb3 Bf5 16. Rc1 Qb6 17. Bf1 Rad8 18. Qd2 Nxa2 19. Nxa2 Qxb3 20. Nc3 a6 21.
d6 Rd7 22. Nd5 Kh7 23. Ne7 Be6 24. Rc7 Rfd8 25. Rxd7 Rxd7 26. h4 Qxb2 27. Qf4
Qd4 28. Nxg6 Kxg6 29. Qg3+ Kh7 30. Bd3+ Kg8 31. Rc1 Rxd6 0-1

[Event "MrDodgy Invitational 2"]
[Site "chess24.com INT"]
[Date "2021.05.15"]
[Round "3.12"]
[Board "1"]
[White "Dubov, Daniil"]
[Black "Giri, Anish"]
[Result "0-1"]
[WhiteTitle "GM"]
[BlackTitle "GM"]
[WhiteElo "2710"]
[BlackElo "2780"]
[WhiteFideId "24126055"]
[BlackFideId "24116068"]
[EventDate "2021.05.12"]
[EventType "k.o."]

1. e4 c5 2. Nf3 d6 3. d4 cxd4 4. Nxd4 Nf6 5. Nc3 a6 6. a4 e5 7. Nf3 Be7 8. g3
O-O 9. Bg2 Nc6 10. O-O Be6 11. Nh4 Nd4 12. Re1 Rc8 13. Nf5 Bxf5 14. exf5 Qd7 15.
g4 h6 16. Be3 Rc4 17. h4 h5 18. g5 Ng4 19. Nd5 Nxf5 20. Qd3 Nfxe3 21. fxe3 Rc5
22. b4 Rc6 23. Qf5 Qd8 24. g6 Bxh4 25. Qxh5 Bf2+ 26. Kf1 Nh6 27. Be4 Bxe1 28.
Kxe1 f5 29. Bd3 e4 30. Be2 Rxc2 31. Rd1 Kh8 32. Nf4 Qf6 33. Kf1 Rfc8 34. Kg2 Rc1
35. Rd5 Qa1 36. Qh2 Qf6 37. Qg3 R8c2 38. Kh3 Rh1+ 39. Kg2 Rcc1 40. Qf2 Qa1 41.
Kg3 Rcg1+ 42. Ng2 Qf6 0-1

[Event "MrDodgy Invitational 2"]
[Site "chess24.com INT"]
[Date "2021.05.15"]
[Round "3.1"]
[Board "2"]
[White "Vidit, Santosh Gujrathi"]
[Black "Jobava, Baadur"]
[Result "1-0"]
[WhiteTitle "GM"]
[BlackTitle "GM"]
[WhiteElo "2726"]
[BlackElo "2603"]
[WhiteFideId "5029465"]
[BlackFideId "13601520"]
[EventDate "2021.05.12"]
[EventType "k.o."]

1. e4 c6 2. d4 d5 3. e5 Bf5 4. Nf3 e6 5. Be2 Be7 6. O-O Nd7 7. c3 Bg6 8. a4 a5
9. Re1 Nh6 10. Nbd2 Nf5 11. Nf1 O-O 12. Ng3 Rc8 13. Bf4 c5 14. Bb5 cxd4 15. cxd4
Nxg3 16. hxg3 Nb8 17. Rc1 Nc6 18. Re3 Nb4 19. Rec3 Rxc3 20. bxc3 Nc6 21. Nd2 Ba3
22. Rb1 Bxb1 23. Qxb1 Be7 24. Be3 Qc7 25. Bd3 g6 26. Nf3 Rc8 27. Bd2 Nb8 28. Nh2
Nd7 29. Ng4 Nb6 30. Qd1 Nc4 31. Bc1 h5 32. Nh6+ Kg7 33. Qf3 Rf8 34. g4 Nxe5 35.
dxe5 Qxe5 36. Bf4 Qe1+ 37. Kh2 e5 38. Be3 Bd6 39. Qxd5 Rb8 40. Qxd6 Re8 41. Nxf7
hxg4 42. Qxg6+ 1-0

[Event "MrDodgy Invitational 2"]
[Site "chess24.com INT"]
[Date "2021.05.15"]
[Round "3.2"]
[Board "2"]
[White "Jobava, Baadur"]
[Black "Vidit, Santosh Gujrathi"]
[Result "1-0"]
[WhiteTitle "GM"]
[BlackTitle "GM"]
[WhiteElo "2603"]
[BlackElo "2726"]
[WhiteFideId "13601520"]
[BlackFideId "5029465"]
[EventDate "2021.05.12"]
[EventType "k.o."]

1. e4 c5 2. c3 d5 3. exd5 Qxd5 4. d4 Nf6 5. Nf3 e6 6. Bd3 Nc6 7. O-O Be7 8. dxc5
Bxc5 9. Bc2 Qxd1 10. Rxd1 O-O 11. Bf4 Bd7 12. Nbd2 Rfd8 13. Bc7 Rdc8 14. Bg3 Rd8
15. b4 Bf8 16. a3 Be8 17. Nc4 Rxd1+ 18. Rxd1 Nd5 19. Rd3 Rc8 20. Bb3 b5 21. Nd6
Bxd6 22. Bxd6 Nce7 23. Bc5 a6 24. g3 Bc6 25. Ne5 Bb7 26. c4 bxc4 27. Nxc4 Nf5
28. Rd2 Nf6 29. Nb6 Rb8 30. Bc2 Ne4 31. Rd7 Nxc5 32. bxc5 Bc6 33. Ra7 Nd4 34.
Bd1 Rd8 35. Rc7 Kf8 36. Kf1 e5 37. a4 Be4 38. Ke1 Ne6 39. Rd7 Ke8 40. Rxd8+ Kxd8
41. a5 Nxc5 42. Kd2 f6 43. Kc3 Kc7 44. Nc4 Bb7 45. Nd2 Ne6 46. Bc2 Nd4 47. Bxh7
Bd5 48. Kd3 Nc6 49. Be4 Bxe4+ 50. Kxe4 Kd6 51. Kf5 Ke7 52. Kg6 Kf8 53. Nb3 Kg8
54. h4 Nd4 55. Nc5 Nc6 56. Nb7 Ne7+ 57. Kh5 Kf7 58. g4 Ng8 59. g5 g6+ 60. Kg4
f5+ 61. Kg3 Ne7 62. Nc5 Nc6 63. Nb3 Ke6 64. f4 exf4+ 65. Kxf4 Kd6 66. h5 gxh5
67. Kxf5 h4 68. Kg4 Ke6 69. Kxh4 Kf7 70. Kh5 Kg7 71. Nc5 Nb4 72. g6 Nc6 73. Ne6+
Kg8 74. g7 Nxa5 75. Kg6 Nc6 76. Nf4 Ne7+ 77. Kf6 Nc6 78. Ng6 a5 79. Nh4 Nb8 80.
Nf5 Nd7+ 81. Kg6 Ne5+ 82. Kf6 Ng4+ 83. Kg6 Ne5+ 84. Kf6 Ng4+ 85. Kg6 a4 86. Ne7# 1-0

[Event "MrDodgy Invitational 2"]
[Site "chess24.com INT"]
[Date "2021.05.15"]
[Round "3.3"]
[Board "2"]
[White "Vidit, Santosh Gujrathi"]
[Black "Jobava, Baadur"]
[Result "0-1"]
[WhiteTitle "GM"]
[BlackTitle "GM"]
[WhiteElo "2726"]
[BlackElo "2603"]
[WhiteFideId "5029465"]
[BlackFideId "13601520"]
[EventDate "2021.05.12"]
[EventType "k.o."]

1. e4 e5 2. Nf3 Nf6 3. Nxe5 d6 4. Nf3 Nxe4 5. d4 d5 6. Bd3 Bd6 7. O-O O-O 8. c4
c6 9. Nc3 Nxc3 10. bxc3 h6 11. c5 Bc7 12. Bc2 Nd7 13. Qd3 Nf6 14. Ne5 Re8 15.
Bf4 Re7 16. Rae1 Qe8 17. Re3 Be6 18. Rg3 Kh8 19. Re1 Qf8 20. Rf3 Bg4 21. Rfe3
Bh5 22. g4 Bxe5 23. gxh5 Bxf4 24. Rxe7 b6 25. Qf5 Bd2 26. R1e2 Bxc3 27. Rc7 Bxd4
28. Ree7 Kg8 29. cxb6 axb6 30. a4 Bc5 31. Rxf7 Qxf7 32. Rxf7 Kxf7 33. Qe5 Re8
34. Bg6+ Kf8 35. Bxe8 Nxe8 36. Qe6 Bd6 37. Kg2 d4 38. f3 c5 39. Kf1 Bc7 40. h3
Bd8 41. Ke2 Bc7 42. Kd3 Bd8 43. Kc4 Bc7 44. Kd5 d3 45. Kc6 d2 46. Qf5+ Ke7 47.
Qe4+ Kf8 48. Qd3 Bf4 49. Kxb6 c4 50. Qd4 Be3 51. Qxe3 d1=Q 52. Qc5+ Qd6+ 53.
Qxd6+ Nxd6 54. a5 c3 55. a6 c2 56. Ka5 c1=Q 57. Kb4 Qc4+ 58. Ka3 Qxa6+ 59. Kb3
Qd3+ 0-1

[Event "MrDodgy Invitational 2"]
[Site "chess24.com INT"]
[Date "2021.05.15"]
[Round "3.4"]
[Board "2"]
[White "Jobava, Baadur"]
[Black "Vidit, Santosh Gujrathi"]
[Result "1/2-1/2"]
[WhiteTitle "GM"]
[BlackTitle "GM"]
[WhiteElo "2603"]
[BlackElo "2726"]
[WhiteFideId "13601520"]
[BlackFideId "5029465"]
[EventDate "2021.05.12"]
[EventType "k.o."]

1. d4 Nf6 2. c4 e6 3. Nf3 d5 4. Nc3 Bb4 5. e3 O-O 6. Be2 dxc4 7. Bxc4 c5 8. O-O
cxd4 9. exd4 b6 10. Qe2 Bb7 11. Rd1 h6 12. Bd3 Nc6 13. a3 Bd6 14. Ne4 Nd5 15.
Nxd6 Qxd6 16. Qe4 f5 17. Qe2 Rf6 18. Bd2 Nf4 19. Bxf4 Qxf4 20. Ba6 Bxa6 21. Qxa6
Rg6 22. Qb7 Qxf3 23. Qxa8+ Kh7 24. g3 f4 25. Rac1 fxg3 26. hxg3 Rxg3+ 27. fxg3
Qxg3+ 28. Kh1 Qh3+ 29. Kg1 Qg3+ 30. Kh1 Qh3+ 31. Kg1 Qg3+ 1/2-1/2

[Event "MrDodgy Invitational 2"]
[Site "chess24.com INT"]
[Date "2021.05.15"]
[Round "3.5"]
[Board "2"]
[White "Vidit, Santosh Gujrathi"]
[Black "Jobava, Baadur"]
[Result "1-0"]
[WhiteTitle "GM"]
[BlackTitle "GM"]
[WhiteElo "2726"]
[BlackElo "2603"]
[WhiteFideId "5029465"]
[BlackFideId "13601520"]
[EventDate "2021.05.12"]
[EventType "k.o."]

1. d4 d5 2. c4 c6 3. Nf3 Nf6 4. e3 Bf5 5. Nc3 e6 6. Nh4 Bg6 7. g3 Nbd7 8. Bd2
Bb4 9. Qb3 a5 10. Nxg6 hxg6 11. Qc2 O-O 12. b3 Qe7 13. Bg2 g5 14. O-O g4 15.
Rfe1 Rfd8 16. Rad1 Qf8 17. Re2 Nb6 18. Nb1 Bxd2 19. Nxd2 a4 20. Rb1 axb3 21.
Rxb3 Nxc4 22. Nxc4 dxc4 23. Rxb7 c5 24. Qxc4 cxd4 25. exd4 Rac8 26. Rc7 Rxc7 27.
Qxc7 Rxd4 28. Qc3 Qd8 29. Re1 g6 30. h3 gxh3 31. Bxh3 Kg7 32. Bg2 Ra4 33. a3 Qd6
34. Ra1 Rd4 35. a4 Rd3 36. Qb2 Rd2 37. Qc3 Rd3 38. Qb2 Rd1+ 39. Bf1 Rd2 40. Qc3
e5 41. Re1 Ng4 42. Be2 Nf6 43. a5 Qd4 44. Qxd4 exd4 45. a6 Ra2 46. Bc4 Ra4 47.
Bf1 Nd5 48. Rb1 Nc3 49. Rb7 Ra1 50. Kg2 Ne4 51. a7 Nd6 52. Rc7 Kf6 53. Rc6 Ke5
54. Ra6 1-0

[Event "MrDodgy Invitational 2"]
[Site "chess24.com INT"]
[Date "2021.05.15"]
[Round "3.6"]
[Board "2"]
[White "Jobava, Baadur"]
[Black "Vidit, Santosh Gujrathi"]
[Result "1-0"]
[WhiteTitle "GM"]
[BlackTitle "GM"]
[WhiteElo "2603"]
[BlackElo "2726"]
[WhiteFideId "13601520"]
[BlackFideId "5029465"]
[EventDate "2021.05.12"]
[EventType "k.o."]

1. e4 c5 2. Nc3 e6 3. Nge2 Nc6 4. d4 cxd4 5. Nxd4 Nf6 6. Nxc6 bxc6 7. e5 Nd5 8.
Ne4 Qc7 9. f4 Qb6 10. Bd3 Be7 11. a3 f5 12. Nf2 a5 13. c4 Bc5 14. Qh5+ g6 15.
Qf3 Ne7 16. O-O a4 17. Kh1 Bb7 18. Nd1 Bd4 19. Be3 c5 20. Qf2 Nc6 21. Nc3 O-O
22. Rab1 Bxe3 23. Qxe3 Nd4 24. Rfd1 Bc6 25. Bf1 Rab8 26. Kg1 Qa7 27. Rd2 Rb3 28.
Rbd1 Rfb8 29. Qf2 R8b7 30. h3 Qa5 31. Kh2 Rxc3 32. bxc3 Qxc3 33. Rd3 Qa5 34. Qh4
Rb2 35. Qe7 Rb8 36. h4 Qd8 37. Qxc5 Qxh4+ 38. Kg1 Nb3 39. Qe3 Qe7 40. Rd6 Rc8
41. Qa7 Qh4 42. Rxd7 Bxd7 43. Qxd7 Rf8 44. Qxe6+ Kh8 45. Qd6 Kg7 46. e6 Qf6 47.
c5 Re8 48. Bc4 Na5 49. Bd5 Rd8 50. Qc7+ Kh6 51. Qxa5 Qb2 1-0

[Event "MrDodgy Invitational 2"]
[Site "chess24.com INT"]
[Date "2021.05.15"]
[Round "3.7"]
[Board "2"]
[White "Vidit, Santosh Gujrathi"]
[Black "Jobava, Baadur"]
[Result "1-0"]
[WhiteTitle "GM"]
[BlackTitle "GM"]
[WhiteElo "2726"]
[BlackElo "2603"]
[WhiteFideId "5029465"]
[BlackFideId "13601520"]
[EventDate "2021.05.12"]
[EventType "k.o."]

1. e4 c6 2. d4 d5 3. e5 Bf5 4. Nf3 e6 5. Be2 Ne7 6. O-O h6 7. c3 Bh7 8. a4 Ng6
9. a5 Be7 10. Nbd2 O-O 11. Nb3 Nd7 12. Re1 Re8 13. g3 b6 14. h4 Ngf8 15. Bf4 Ng6
16. Be3 Ngf8 17. Bf1 Qc7 18. h5 c5 19. axb6 axb6 20. Bb5 Rxa1 21. Qxa1 Bf5 22.
Nh2 Qb7 23. Qc1 Rc8 24. Qd2 Ra8 25. g4 Be4 26. f3 Bh7 27. g5 cxd4 28. Nxd4 hxg5
29. Bxg5 Nc5 30. Bc6 Bxg5 31. Qxg5 Qa7 32. Bxa8 Qxa8 33. Ng4 Ncd7 34. Nh6+ 1-0

[Event "MrDodgy Invitational 2"]
[Site "chess24.com INT"]
[Date "2021.05.15"]
[Round "3.8"]
[Board "2"]
[White "Jobava, Baadur"]
[Black "Vidit, Santosh Gujrathi"]
[Result "1-0"]
[WhiteTitle "GM"]
[BlackTitle "GM"]
[WhiteElo "2603"]
[BlackElo "2726"]
[WhiteFideId "13601520"]
[BlackFideId "5029465"]
[EventDate "2021.05.12"]
[EventType "k.o."]

1. d4 Nf6 2. c4 e6 3. Nf3 d5 4. Nc3 Bb4 5. e3 O-O 6. Be2 b6 7. O-O Bb7 8. cxd5
exd5 9. a3 Bd6 10. b4 c5 11. bxc5 bxc5 12. Rb1 Qe7 13. Nb5 Ba6 14. Nxd6 Bxe2 15.
Qxe2 Qxd6 16. dxc5 Qxc5 17. Bb2 Nbd7 18. Rfc1 Qa5 19. Bc3 Qa4 20. Qd1 Qxd1+ 21.
Rxd1 Rfc8 22. Bxf6 Nxf6 23. Rb7 Rc3 24. Ra1 Rac8 25. h4 R3c7 26. Rab1 g6 27.
Rxc7 Rxc7 28. Nd4 Rc3 29. Rb8+ Kg7 30. Rb7 Ng4 31. g3 Rxa3 32. Ne6+ Kf6 33. Ng5
Nh6 34. Nxh7+ Kf5 35. Ng5 f6 36. Nf3 Ra1+ 37. Kg2 Ng4 38. Nd4+ Ke5 39. Re7+ Kd6
40. Rxa7 Rxa7 41. Nb5+ Ke5 42. Nxa7 d4 43. Nc6+ Ke4 44. Nxd4 Ne5 45. Ne2 g5 46.
h5 Nf7 47. g4 Nh6 48. Ng3+ Ke5 49. f3 Ke6 50. Kf2 Ke5 51. Ke2 Ke6 52. Kd3 Ke5
53. Kc4 Ke6 54. Kd4 Kd6 55. Nf5+ 1-0

[Event "MrDodgy Invitational 2"]
[Site "chess24.com INT"]
[Date "2021.05.15"]
[Round "3.9"]
[Board "2"]
[White "Vidit, Santosh Gujrathi"]
[Black "Jobava, Baadur"]
[Result "1-0"]
[WhiteTitle "GM"]
[BlackTitle "GM"]
[WhiteElo "2726"]
[BlackElo "2603"]
[WhiteFideId "5029465"]
[BlackFideId "13601520"]
[EventDate "2021.05.12"]
[EventType "k.o."]

1. e4 d6 2. d4 Nf6 3. Nc3 e5 4. Nf3 Nbd7 5. Bc4 Be7 6. O-O O-O 7. h3 a6 8. a4 b6
9. Re1 Bb7 10. b3 h6 11. Bb2 Re8 12. d5 Bf8 13. Qd2 g6 14. Rad1 Bg7 15. Qe3 Rf8
16. Ne2 Nh5 17. Ng3 Nf4 18. Bf1 f5 19. Nd2 Kh8 20. Ne2 Nxe2+ 21. Bxe2 Nf6 22. c4
f4 23. Qc3 a5 24. b4 axb4 25. Qxb4 g5 26. Ra1 Rb8 27. Qc3 h5 28. g4 fxg3 29.
fxg3 Bc8 30. Bf1 g4 31. h4 Bh6 32. Bg2 Bd7 33. Nb3 Be8 34. Bc1 Bxc1 35. Qxc1 Kg7
36. a5 Bg6 37. Qe3 Nd7 38. axb6 Rxb6 39. c5 Rb4 40. cxd6 cxd6 41. Ra7 Rf7 42.
Na5 Qb6 43. Qxb6 Nxb6 44. Rxf7+ Kxf7 45. Nc6 Rb2 46. Rf1+ Kg7 47. Nd8 Nc4 48.
Ne6+ Kh7 49. Rf6 Ne3 50. Bh1 Rb1+ 51. Kf2 Nd1+ 52. Ke2 Nc3+ 53. Kd2 Nxd5 54.
exd5 Rxh1 55. Nf8+ Kg7 56. Rxg6+ Kxf8 57. Rxd6 Rg1 58. Re6 Rxg3 59. Rxe5 Rg2+
60. Ke3 Rg1 61. Rxh5 Ke7 62. Rg5 Kf6 63. d6 Rd1 64. Rxg4 Rxd6 65. Kf3 Rd3+ 66.
Kg2 Rd2+ 67. Kh3 Rd3+ 68. Rg3 Rd5 69. Rg2 Rd3+ 70. Rg3 Rd1 71. Rg2 Kf5 72. Rh2
Rd3+ 73. Kg2 Kg4 74. Kf2 Rd2+ 75. Kg1 Rd1+ 76. Kg2 Ra1 77. Kf2 Ra2+ 78. Kg1 Ra3
79. Rg2+ Kh3 80. Rh2+ Kg3 81. Rg2+ Kh3 82. Rh2+ Kg4 83. Rg2+ Kh5 84. Kh2 Rb3 85.
Rg3 Rb2+ 86. Kh3 Rb4 87. Rg5+ Kh6 88. Rg3 Rb1 89. Rg5 Rh1+ 90. Kg2 Rg1+ 91. Kxg1 1-0

[Event "MrDodgy Invitational 2"]
[Site "chess24.com INT"]
[Date "2021.05.15"]
[Round "3.10"]
[Board "2"]
[White "Jobava, Baadur"]
[Black "Vidit, Santosh Gujrathi"]
[Result "1-0"]
[WhiteTitle "GM"]
[BlackTitle "GM"]
[WhiteElo "2603"]
[BlackElo "2726"]
[WhiteFideId "13601520"]
[BlackFideId "5029465"]
[EventDate "2021.05.12"]
[EventType "k.o."]

1. d4 Nf6 2. c4 e6 3. Nf3 d5 4. Nc3 c5 5. cxd5 cxd4 6. Qa4+ Bd7 7. Qxd4 exd5 8.
Nxd5 Nxd5 9. Qxd5 Nc6 10. e3 Bb4+ 11. Bd2 Qe7 12. a3 Bxd2+ 13. Qxd2 O-O-O 14.
Qc3 Kb8 15. Be2 g5 16. Rd1 g4 17. Nd4 h5 18. O-O Ne5 19. Qb4 Qf6 20. Rd2 h4 21.
Nb3 Bc6 22. Rxd8+ Rxd8 23. Nd4 Bd5 24. Rd1 g3 25. hxg3 hxg3 26. fxg3 Qg5 27. Kf2
Rg8 28. Qd6+ Ka8 29. g4 Nxg4+ 30. Bxg4 Qxg4 31. Rg1 Qh4+ 32. Ke2 Rd8 33. Qf4
Bc4+ 34. Kf3 Qh5+ 35. Kf2 a6 36. Rc1 Bd5 37. Qf5 Qh4+ 38. Ke2 Bxg2 39. Rc8+ Rxc8
40. Qxc8+ Ka7 41. Qc5+ Ka8 42. Qf8+ Ka7 43. Qxf7 Be4 44. Qf4 Qh5+ 45. Kd2 Qd5
46. Qf8 Qa5+ 47. Qb4 Qd5 48. Qc3 Qd6 49. b4 Qd5 50. Qc5+ Qxc5 51. bxc5 b6 52.
cxb6+ Kxb6 53. Kc3 Kc5 54. Nb3+ Kb5 55. Nd2 Bg2 56. Nc4 Ka4 57. Kb2 Bf1 58. Nd2
Bd3 59. Nf3 Be4 60. Ne5 Kb5 61. Ng4 Kc5 62. Nf2 Bf5 63. Nd1 Kd5 64. Nc3+ Kc4 65.
Na4 Kd3 66. Nc5+ Kxe3 67. Nxa6 Bd3 68. Nb4 Kd4 69. Nxd3 Kxd3 70. Kb3 Kd4 71. Kb4
Kd5 72. Kb5 Kd6 73. Kb6 Kd5 74. a4 Kc4 75. a5 Kb4 76. a6 Kc4 77. a7 Kd4 78. a8=Q
Kd3 79. Qd5+ Ke3 80. Kc5 Kf2 81. Kc4 Ke1 82. Kd3 Kf1 83. Qf3+ Kg1 84. Ke2 Kh2
85. Qg4 Kh1 86. Kf2 Kh2 87. Qh4# 1-0

[Event "MrDodgy Invitational 2"]
[Site "chess24.com INT"]
[Date "2021.05.15"]
[Round "3.11"]
[Board "2"]
[White "Vidit, Santosh Gujrathi"]
[Black "Jobava, Baadur"]
[Result "0-1"]
[WhiteTitle "GM"]
[BlackTitle "GM"]
[WhiteElo "2726"]
[BlackElo "2603"]
[WhiteFideId "5029465"]
[BlackFideId "13601520"]
[EventDate "2021.05.12"]
[EventType "k.o."]

1. e4 d6 2. d4 Nf6 3. Nc3 e5 4. Nge2 Nc6 5. g3 Bg4 6. d5 Nd4 7. Bg2 c6 8. dxc6
bxc6 9. O-O Be7 10. f3 Nxe2+ 11. Qxe2 Bd7 12. f4 O-O 13. Kh1 Qc7 14. b3 Rfe8 15.
Bb2 h6 16. Qd3 Rad8 17. Na4 Bc8 18. c4 Bf8 19. Rad1 Nd7 20. Qe3 Nf6 21. fxe5
dxe5 22. h3 Be7 23. Bc3 Rxd1 24. Rxd1 Rd8 25. Rxd8+ Bxd8 26. Nc5 Be7 27. Nd3 Nd7
28. Bf3 f6 29. Bg4 Nb6 30. Bxc8 Qxc8 31. Kg2 Qd7 32. Qe2 Nc8 33. Nf2 Nd6 34. Qd3
Qe6 35. Ng4 Kf7 36. Ne3 g6 37. g4 Nb7 38. b4 Nd6 39. a4 Ke8 40. a5 Nf7 41. a6
Qc8 42. b5 Bc5 43. Bd2 Nd6 44. Kf3 h5 45. bxc6 Qxc6 46. gxh5 f5 47. Qd5 fxe4+
48. Ke2 Qxd5 49. Nxd5 gxh5 50. Bc3 Nxc4 51. Nf6+ Kf7 52. Nxe4 Bb6 53. Kd3 Na3
54. Bxe5 Ke6 55. Bb8 Nb5 56. Kc4 Na3+ 57. Kb3 Nb5 58. Kb4 Nd4 59. Kc4 Nc6 60.
Bf4 Kf5 61. Ng3+ Kxf4 62. Nxh5+ Ke5 63. Ng3 Nd4 64. h4 Nf5 65. Ne2 Nxh4 66. Nc3
Nf5 67. Na4 Nd6+ 68. Kb4 Bd4 69. Nc5 Kd5 70. Nd7 Kc6 71. Nf8 Bc5+ 72. Kb3 Kb5
73. Ne6 Bb6 74. Nf4 Kxa6 75. Nd5 Kb5 76. Nc3+ Kc6 77. Na4 Nb7 78. Nb2 Nc5+ 79.
Kc2 Nd7 80. Nd1 Bc7 81. Nc3 Ne5 82. Ne4 Nc4 83. Ng5 Nb6 84. Kd3 Kd5 85. Nf7 Nd7
86. Nh6 Nc5+ 87. Kc3 Ba5+ 88. Kb2 Bd8 89. Nf5 Bf6+ 90. Ka3 Ke5 91. Ne3 Be7 92.
Ng4+ Kd4 93. Nh2 Kc4 94. Nf3 Nd3+ 95. Ka4 Bd8 96. Nd2+ Kc3 97. Ne4+ Kd4 98. Ng3
Kc4 99. Ka3 Nc5 100. Ka2 a5 101. Nf5 a4 102. Nd6+ Kb4 103. Nf5 Ne4 104. Ne3 Nc3+
105. Kb2 Bf6 106. Kc2 Bh8 107. Ng4 Nb5 108. Nf2 Na3+ 109. Kc1 Nc4 110. Nd3+ Kc3
111. Nc5 a3 112. Kb1 Kb4 113. Nd3+ Kb3 114. Nc1+ Kc3 115. Ka2 Kc2 116. Ne2 Bg7
117. Nf4 Be5 118. Nd5 Bd6 119. Nb4+ Bxb4 120. Ka1 Kb3 121. Kb1 a2+ 122. Kc1
a1=Q# 0-1

[Event "MrDodgy Invitational 2"]
[Site "chess24.com INT"]
[Date "2021.05.16"]
[Round "4.1"]
[White "Giri, Anish"]
[Black "Jobava, Baadur"]
[Result "1-0"]
[WhiteTitle "GM"]
[BlackTitle "GM"]
[WhiteElo "2780"]
[BlackElo "2603"]
[WhiteFideId "24116068"]
[BlackFideId "13601520"]
[EventDate "2021.05.12"]
[EventType "k.o."]

1. e4 e5 2. Nf3 Nf6 3. Nxe5 d6 4. Nf3 Nxe4 5. d4 d5 6. Bd3 Bd6 7. O-O O-O 8. c4
c6 9. Nc3 Nxc3 10. bxc3 dxc4 11. Bxc4 Bf5 12. Bg5 Qc7 13. Nh4 Bc8 14. h3 Bh2+
15. Kh1 Bf4 16. Nf3 Nd7 17. Re1 Bxg5 18. Nxg5 Nf6 19. Qd3 h6 20. Nf3 Nd5 21.
Bxd5 cxd5 22. Re3 Be6 23. Rae1 Rac8 24. Ne5 Rfe8 25. Qd2 f6 26. Ng6 Kf7 27. Qc2
Qd7 28. Nh4 Kg8 29. Qd3 Bf7 30. Nf5 Rxe3 31. Rxe3 Re8 32. Rg3 g5 33. Nxh6+ Kg7
34. Nf5+ Kf8 35. Ne3 Kg7 36. Kg1 Bg6 37. Qd1 Re4 38. Qb3 Bf7 39. Rg4 Rxg4 40.
hxg4 Be6 41. f3 Kf7 42. Kf2 Qc6 43. Qc2 Kg7 44. Nf1 b5 45. Ng3 Bf7 46. Nf5+ Kf8
47. Qb2 Qd7 48. Qa3+ Kg8 49. Qe7 Qxe7 50. Nxe7+ Kf8 51. Nc6 a6 52. Nb4 a5 53.
Nc6 a4 54. a3 Be8 55. Nb4 Bf7 56. f4 Ke7 57. Kf3 gxf4 58. Kxf4 Kd6 59. g5 fxg5+
60. Kxg5 Be6 61. g4 1-0

[Event "MrDodgy Invitational 2"]
[Site "chess24.com INT"]
[Date "2021.05.16"]
[Round "4.2"]
[White "Jobava, Baadur"]
[Black "Giri, Anish"]
[Result "1-0"]
[WhiteTitle "GM"]
[BlackTitle "GM"]
[WhiteElo "2603"]
[BlackElo "2780"]
[WhiteFideId "13601520"]
[BlackFideId "24116068"]
[EventDate "2021.05.12"]
[EventType "k.o."]

1. d4 Nf6 2. c4 g6 3. d5 Bg7 4. Nc3 O-O 5. e4 d6 6. Nf3 e6 7. dxe6 Bxe6 8. Be2
Nc6 9. O-O Re8 10. Re1 Bg4 11. h3 Bxf3 12. Bxf3 Nd7 13. Be3 Nb6 14. c5 dxc5 15.
Bxc5 Nd4 16. e5 Nxf3+ 17. Qxf3 Qc8 18. Bd4 c5 19. e6 Rxe6 20. Rxe6 cxd4 21. Re7
Qf8 22. Rxb7 dxc3 23. bxc3 h5 24. Re1 Re8 25. Rxe8 Qxe8 26. Rxa7 Qe6 27. g3 Nc4
28. Kg2 Nd2 29. Qb7 h4 30. gxh4 Ne4 31. Qb8+ Kh7 32. Qf4 Nf6 33. Qf3 Bh6 34. a4
Kg7 35. a5 Nd5 36. a6 Nf4+ 37. Kh2 Qd6 38. Rxf7+ Kxf7 39. a7 Kg7 40. a8=Q Ne2+
41. Kg2 Nf4+ 42. Kf1 1-0